000 00765nam a22002417a 4500
999 _c165915
_d165915
005 20190704171747.0
010 _aA-431185
020 _a-
_c60.00
035 _aA-431185
037 _bBPPD/Ven.
_adpl
082 _a920
_21989
100 _aمو لف:پر ا ثر ا ر بند ے
245 _aپر ا ثر ا ر بند ے
_cمو لف:عشر ت جا و يد
_hUrdu
246 _aPur Israr Bandey (Urdu)
_bby Ishrat Javed
250 _a1989
260 _aBijnore(U.P.)
_bMaktaba Uqabul Muslemeen
270 _aJatta Street Nagina
300 _a336ص
_c22cm(Hbk)
490 _aJaico illustrated classics series
942 _2ddc
_cUR
_mع ش ر
_h920